IT trendy v bankách a finančních institucích

Informačné technológie (IT) patria medzi prostriedky, ktoré môžu výrazne ovplyvniť obchodnú činnosť spoločnosti a v bankovom a finančnom sektore to platí dvojnásobne. Hlavným trendom je hľadanie cesty, ako zladiť IT s potrebami a požiadavkami obchodnej činnosti organizácie. Hlavným cieľom každej org...

ver descrição completa

Na minha lista:
Detalhes bibliográficos
Autor principal: Vaic, Miroslav
Outros Autores: Jeník, Lukáš, Soukeník, Jiří
Formato: Capítulo de Livro
Idioma:tcheco
Assuntos:
Tags: Adicionar Tag
Sem tags, seja o primeiro a adicionar uma tag!

MARC

LEADER 00000naa$a2200000$$$4500
001 0035465
005 20231010085531.5
041 0 |a cze 
044 |a CZ 
245 1 0 |a IT trendy v bankách a finančních institucích  |c Miroslav Vaic, Lukáš Jeník, Jiří Soukeník 
520 |a Informačné technológie (IT) patria medzi prostriedky, ktoré môžu výrazne ovplyvniť obchodnú činnosť spoločnosti a v bankovom a finančnom sektore to platí dvojnásobne. Hlavným trendom je hľadanie cesty, ako zladiť IT s potrebami a požiadavkami obchodnej činnosti organizácie. Hlavným cieľom každej organizácie je zvyšovanie spokojnosti klienta a znižovanie nákladov. Rozvoj IT smeruje práve týmto smerom. 
610 2 0 |a banky 
610 2 0 |a technológie informačné 
610 2 0 |a vývoj 
100 1 |a Vaic, Miroslav 
700 1 |a Jeník, Lukáš 
700 1 |a Soukeník, Jiří